000 00280nam a2200097Ia 4500
001 645091
005 20250826153617.0
008 250824s9999 xx 000 0 und d
245 0 _aVADİDEKİ ZAMBAK ANTİK OKUL KLASİKLERİ
_cHONORE DE BALZAC
260 _bANTİK DÜNYA KLASİKLERİ
999 _c645091
_d645091